[Event "DVM U20w 2018"]
[Site "Osnabrück GER"]
[Date "2018.12.27"]
[Round "2"]
[White "Klenk, Sofie"]
[Black "Miljkovic, Jovana"]
[Result "0-1"]
[Termination "normal"]
[Board "3.1"]
[BlackTitle "WFM"]
[WhiteElo "1810"]
[BlackElo "1993"]
[WhiteClock "00:24:23"]
[BlackClock "00:41:38"]
[WhiteTeam "SC Bavaria Regensburg"]
[BlackTeam "SV Lingen"]
[PlyCount "96"]
[WhiteFideId "12996653"]
[BlackFideId "958336"]
[EventCountry "GER"]
[EventRounds "7"]
[EventType "team-swiss"]
[EventDate "2018.12.26"]

1. e4 { [%clk 1:30:58]}  1... c5 { [%clk 1:30:57]}  2. Nf3 { [%clk 1:31:23]}
2... d6 { [%clk 1:31:25]}  3. d4 { [%clk 1:31:48]}  3... cxd4 { [%clk 1:31:52]}
4. Nxd4 { [%clk 1:32:13]}  4... Nf6 { [%clk 1:32:19]}  5. Nc3 { [%clk 1:32:37]}
 5... a6 { [%clk 1:32:47]}  6. h3 { [%clk 1:33:00]}  6... e6 { [%clk 1:33:11]} 
7. g4 { [%clk 1:33:15]}  7... b5 { [%clk 1:33:37]}  8. Bg2 { [%clk 1:32:23]} 
8... Bb7 { [%clk 1:34:02]}  9. O-O { [%clk 1:31:54]}  9... Nfd7 { [%clk
1:34:27]}  10. Be3 { [%clk 1:22:51]}  10... Be7 { [%clk 1:32:29]}  11. f4 {
[%clk 1:19:36]}  11... O-O { [%clk 1:31:29]}  12. f5 { [%clk 1:10:15]}  12...
e5 { [%clk 1:29:06]}  13. Nde2 { [%clk 1:09:22]}  13... Nb6 { [%clk 1:26:30]}
14. Nd5 { [%clk 1:02:26]}  14... Bxd5 15. exd5 { [%clk 1:02:45]}  15... Nc4 {
[%clk 1:24:21]}  16. Bc1 { [%clk 1:03:09]}  16... Qb6+ { [%clk 1:21:15]}  17.
Kh1 { [%clk 1:02:14]}  17... Ne3 { [%clk 1:17:17]}  18. Bxe3 { [%clk 1:02:17]}
18... Qxe3 { [%clk 1:17:45]}  19. Rf3 { [%clk 1:02:19]}  19... Qb6 { [%clk
1:13:51]}  20. Ng3 { [%clk 0:53:05]}  20... Nd7 { [%clk 1:11:10]}  21. Ne4 {
[%clk 0:52:10]}  21... Nf6 { [%clk 1:07:07]}  22. Qd3 { [%clk 0:49:24]}  22...
Rfc8 { [%clk 1:01:38]}  23. Raf1 { [%clk 0:41:13]}  23... Nxe4 { [%clk
0:59:41]}  24. Qxe4 { [%clk 0:41:41]}  24... Rc4 { [%clk 0:59:48]}  25. Qe2 {
[%clk 0:41:03]}  25... Rac8 { [%clk 0:55:24]}  26. c3 { [%clk 0:31:49]}  26...
Bg5 { [%clk 0:49:53]}  27. Qf2 { [%clk 0:28:09]}  27... Qxf2 { [%clk 0:47:32]}
28. R3xf2 { [%clk 0:28:21]}  28... b4 { [%clk 0:45:34]}  29. cxb4 { [%clk
0:27:51]}  29... Rxb4 { [%clk 0:45:17]}  30. b3 { [%clk 0:26:07]}  30... Rc3 {
[%clk 0:41:57]}  31. Rf3 { [%clk 0:23:32]}  31... Rc2 { [%clk 0:41:37]}  32.
R1f2 { [%clk 0:23:45]}  32... Rc5 { [%clk 0:36:46]}  33. Rd3 { [%clk 0:19:17]}
33... Rc1+ { [%clk 0:34:05]}  34. Rf1 { [%clk 0:17:59]}  34... Rc2 { [%clk
0:33:30]}  35. a3 { [%clk 0:18:07]}  35... Rb8 { [%clk 0:32:48]}  36. Kg1 {
[%clk 0:14:28]}  36... Bh4 { [%clk 0:29:09]}  37. Be4 { [%clk 0:11:52]}  37...
Re2 { [%clk 0:26:24]}  38. Bf3 { [%clk 0:08:41]}  38... Ra2 { [%clk 0:26:17]}
39. b4 { [%clk 0:08:24]}  39... Rc8 { [%clk 0:25:54]}  40. Be4 { [%clk
0:05:19]}  40... Rc4 { [%clk 0:22:28]}  41. Re3 { [%clk 0:04:42]}  41... Bg5 {
[%clk 0:22:32]}  42. Ree1 { [%clk 0:01:12]}  42... Rxa3 { [%clk 0:20:23]}  43.
Bg2 { [%clk 0:28:14]}  43... Rxb4 { [%clk 0:49:34]}  44. Ra1 { [%clk 0:28:13]}
44... Rbb3 { [%clk 0:43:57]}  45. Rfb1 { [%clk 0:26:18]}  45... Rxb1+ { [%clk
0:43:13]}  46. Rxb1 { [%clk 0:26:39]}  46... g6 { [%clk 0:41:49]}  47. fxg6 {
[%clk 0:26:46]}  47... hxg6 { [%clk 0:42:06]}  48. Kf1 { [%clk 0:24:23]}  48...
Be3 { [%clk 0:41:38]}   0-1

[Event "DVM U20w 2018"]
[Site "Osnabrück GER"]
[Date "2018.12.27"]
[Round "2"]
[White "Möller, Hannah"]
[Black "Pavlov, Liliane"]
[Result "1-0"]
[Termination "normal"]
[Board "3.2"]
[WhiteElo "1846"]
[BlackElo "1715"]
[WhiteClock "01:05:15"]
[BlackClock "00:27:40"]
[WhiteTeam "SV Lingen"]
[BlackTeam "SC Bavaria Regensburg"]
[PlyCount "111"]
[WhiteFideId "1270514"]
[BlackFideId "16225449"]
[EventCountry "GER"]
[EventRounds "7"]
[EventType "team-swiss"]
[EventDate "2018.12.26"]

1. Nf3 { [%clk 1:30:57]}  1... b6 { [%clk 1:30:47]}  2. g3 { [%clk 1:31:22]}
2... Bb7 { [%clk 1:31:06]}  3. Bg2 { [%clk 1:31:40]}  3... e6 { [%clk 1:30:58]}
4. O-O { [%clk 1:31:49]}  4... Bd6 { [%clk 1:30:07]}  5. d4 { [%clk 1:31:57]}
5... Nf6 { [%clk 1:29:42]}  6. c4 { [%clk 1:32:13]}  6... h6 { [%clk 1:24:44]}
7. Nc3 { [%clk 1:32:03]}  7... O-O { [%clk 1:21:27]}  8. Qc2 { [%clk 1:29:43]}
8... c5 { [%clk 1:18:56]}  9. Nb5 { [%clk 1:28:02]}  9... Qe7 { [%clk 1:18:26]}
10. dxc5 { [%clk 1:26:51]}  10... Bxc5 { [%clk 1:18:33]}  11. Nc7 { [%clk
1:26:19]}  11... Nc6 { [%clk 1:18:36]}  12. Nxa8 { [%clk 1:25:56]}  12... Bxa8
{ [%clk 1:18:34]}  13. b3 { [%clk 1:23:33]}  13... Nb4 { [%clk 1:18:20]}  14.
Qd1 { [%clk 1:22:24]}  14... d5 { [%clk 1:16:35]}  15. cxd5 { [%clk 1:20:47]}
15... Nfxd5 { [%clk 1:16:05]}  16. Bb2 { [%clk 1:19:32]}  16... Rd8 { [%clk
1:15:00]}  17. Qc1 { [%clk 1:15:47]}  17... Rc8 { [%clk 1:14:50]}  18. Bd4 {
[%clk 1:11:19]}  18... Bb7 { [%clk 1:14:44]}  19. Qd2 { [%clk 1:08:32]}  19...
Nc2 { [%clk 0:46:09]}  20. Bxc5 { [%clk 1:03:20]}  20... Rxc5 { [%clk 0:46:22]}
21. Rac1 { [%clk 0:59:46]}  21... Qc7 { [%clk 0:39:11]}  22. Ne1 { [%clk
0:52:55]}  22... Na3 { [%clk 0:26:22]}  23. Nd3 { [%clk 0:51:07]}  23... Rc2 {
[%clk 0:20:56]}  24. Rxc2 { [%clk 0:51:04]}  24... Qxc2 { [%clk 0:21:16]}  25.
Qxc2 { [%clk 0:51:18]}  25... Nxc2 { [%clk 0:21:39]}  26. Rc1 { [%clk 0:51:18]}
26... Nd4 { [%clk 0:22:02]}  27. Kf1 { [%clk 0:50:42]}  27... Ba6 { [%clk
0:21:39]}  28. Bxd5 { [%clk 0:49:38]}  28... exd5 { [%clk 0:21:58]}  29. Rc7 {
[%clk 0:49:25]}  29... Nb5 { [%clk 0:17:31]}  30. Rd7 { [%clk 0:49:45]}  30...
Kf8 { [%clk 0:14:29]}  31. Nb4 { [%clk 0:48:50]}  31... Ke8 { [%clk 0:13:26]}
32. Rxd5 { [%clk 0:49:07]}  32... Nc7 { [%clk 0:13:07]}  33. Re5+ { [%clk
0:48:31]}  33... Kd7 { [%clk 0:13:06]}  34. Nxa6 { [%clk 0:47:49]}  34... Nxa6
{ [%clk 0:13:18]}  35. Re4 { [%clk 0:47:53]}  35... Nc5 { [%clk 0:13:26]}  36.
Rg4 { [%clk 0:47:11]}  36... g6 { [%clk 0:13:34]}  37. Rf4 { [%clk 0:46:44]}
37... Ke6 { [%clk 0:13:36]}  38. Ke1 { [%clk 0:44:51]}  38... g5 { [%clk
0:12:08]}  39. Rc4 { [%clk 0:42:22]}  39... Kd5 { [%clk 0:11:31]}  40. f3 {
[%clk 0:41:20]}  40... f5 { [%clk 0:11:30]}  41. h4 { [%clk 0:39:51]}  41... a5
{ [%clk 0:11:15]}  42. hxg5 { [%clk 0:37:53]}  42... hxg5 { [%clk 0:11:33]} 43.
Kd2 { [%clk 0:36:36]}  43... a4 { [%clk 0:11:06]}  44. Rxc5+ { [%clk 0:34:23]} 
44... Kxc5 { [%clk 0:11:20]}  45. bxa4 { [%clk 0:34:27]}  45... Kd4 { [%clk
0:04:05]}  46. e3+ { [%clk 0:33:45]}  46... Kc4 { [%clk 0:04:00]}  47. Kc2 {
[%clk 0:33:31]}  47... Kb4 { [%clk 0:27:52]}  48. Kd3 { [%clk 1:03:37]} 48...
Kxa4 { [%clk 0:27:39]}  49. e4 { [%clk 1:03:51]}  49... fxe4+ { [%clk 0:28:00]}
 50. fxe4 { [%clk 1:04:15]}  50... Kb5 { [%clk 0:26:26]}  51. Kd4 { [%clk
1:04:19]}  51... Kc6 { [%clk 0:26:39]}  52. Ke5 { [%clk 1:04:03]}  52... Kd7 {
[%clk 0:26:49]}  53. Kf6 { [%clk 1:04:20]}  53... g4 { [%clk 0:27:04]} 54. e5 {
[%clk 1:04:28]}  54... Ke8 { [%clk 0:27:29]}  55. Ke6 { [%clk 1:04:52]}  55...
b5 { [%clk 0:27:40]}  56. a3 { [%clk 1:05:15]}   1-0

[Event "DVM U20w 2018"]
[Site "Osnabrück GER"]
[Date "2018.12.27"]
[Round "2"]
[White "Oberhofer, Marie"]
[Black "Schäfer, Leonie"]
[Result "0-1"]
[Termination "normal"]
[Board "3.3"]
[WhiteElo "1731"]
[BlackElo "1436"]
[WhiteClock "00:16:13"]
[BlackClock "00:25:17"]
[WhiteTeam "SC Bavaria Regensburg"]
[BlackTeam "SV Lingen"]
[PlyCount "56"]
[WhiteFideId "12938165"]
[BlackFideId "16241851"]
[EventCountry "GER"]
[EventRounds "7"]
[EventType "team-swiss"]
[EventDate "2018.12.26"]

1. e4 { [%clk 1:30:55]}  1... g6 { [%clk 1:30:59]}  2. d4 { [%clk 1:31:17]}
2... Bg7 { [%clk 1:31:26]}  3. Nc3 { [%clk 1:31:02]}  3... c6 { [%clk 1:31:54]}
4. f4 { [%clk 1:31:13]}  4... Nf6 { [%clk 1:31:23]}  5. e5 { [%clk 1:27:37]}
5... Nd5 { [%clk 1:31:30]}  6. Nxd5 { [%clk 1:27:18]}  6... cxd5 { [%clk
1:31:57]}  7. Nf3 { [%clk 1:27:20]}  7... O-O { [%clk 1:32:05]}  8. Bd3 { [%clk
1:26:46]}  8... Nc6 { [%clk 1:32:00]}  9. c3 { [%clk 1:25:25]}  9... d6 { [%clk
1:31:50]}  10. Be3 { [%clk 1:21:18]}  10... Bg4 { [%clk 1:29:37]}  11. h3 {
[%clk 1:20:27]}  11... Bxf3 { [%clk 1:29:30]}  12. Qxf3 { [%clk 1:20:20]} 12...
dxe5 { [%clk 1:29:36]}  13. fxe5 { [%clk 1:17:46]}  13... a5 { [%clk 1:17:16]} 
14. O-O-O { [%clk 1:11:17]}  14... a4 { [%clk 1:17:10]}  15. h4 { [%clk
1:10:07]}  15... Qa5 { [%clk 1:17:00]}  16. Bd2 { [%clk 1:09:30]}  16... Rfc8 {
[%clk 1:16:32]}  17. Kb1 { [%clk 1:08:36]}  17... a3 { [%clk 0:48:07]} 18. b4 {
[%clk 1:04:10]}  18... Qb6 { [%clk 0:42:34]}  19. h5 { [%clk 0:57:42]} 19...
Nxb4 { [%clk 0:40:42]}  20. Rdf1 { [%clk 0:45:37]}  20... Nxa2+ { [%clk
0:33:31]}  21. Kc2 { [%clk 0:45:26]}  21... Qb2+ { [%clk 0:33:04]}  22. Kd1 {
[%clk 0:45:40]}  22... Nxc3+ { [%clk 0:33:19]}  23. Ke1 { [%clk 0:41:20]} 23...
a2 { [%clk 0:32:43]}  24. Qxf7+ { [%clk 0:36:07]}  24... Kh8 { [%clk 0:33:01]} 
25. hxg6 { [%clk 0:17:27]}  25... a1=Q+ { [%clk 0:32:50]}  26. Kf2 { [%clk
0:17:35]}  26... Qxf1+ { [%clk 0:32:56]}  27. Bxf1 { [%clk 0:17:05]} 27...
Qxd2+ { [%clk 0:31:41]}  28. Kf3 { [%clk 0:16:13]}  28... h6 { [%clk 0:25:17]} 
 0-1

[Event "DVM U20w 2018"]
[Site "Osnabrück GER"]
[Date "2018.12.27"]
[Round "2"]
[White "Kohl, Natalie"]
[Black "Rosmait, Emily"]
[Result "1/2-1/2"]
[Termination "normal"]
[Board "4.1"]
[WhiteElo "1474"]
[BlackElo "1911"]
[WhiteTeam "Meuselwitzer SV"]
[BlackTeam "TuRa Harksheide von 1945 Norderstedt"]
[PlyCount "49"]
[WhiteFideId "12967408"]
[BlackFideId "12937754"]
[EventCountry "GER"]
[EventRounds "7"]
[EventType "team-swiss"]
[EventDate "2018.12.26"]

1. e4 e5 2. Nf3 Nc6 3. Bc4 Bc5 4. a4 d6 5. c3 a5 6. O-O Nf6 7. d3 O-O 8. h3 Bb6
9. Na3 Ne7 10. Nc2 Ng6 11. Re1 Be6 12. Bxe6 fxe6 13. d4 exd4 14. Ncxd4 Qd7 15.
e5 dxe5 16. Nxe5 Nxe5 17. Rxe5 Rae8 18. Qb3 Nd5 19. Be3 Qf7 20. c4 Nxe3 21.
Qxe3 Qxf2+ 22. Qxf2 Rxf2 23. c5 Rd2 24. Nf3 Rxb2 25. cxb6  1/2-1/2

[Event "DVM U20w 2018"]
[Site "Osnabrück GER"]
[Date "2018.12.27"]
[Round "2"]
[White "Giede, Anna-Blume"]
[Black "Neumann, Tina"]
[Result "1/2-1/2"]
[Termination "normal"]
[Board "4.4"]
[WhiteElo "1569"]
[BlackElo "1501"]
[WhiteTeam "TuRa Harksheide von 1945 Norderstedt"]
[BlackTeam "Meuselwitzer SV"]
[PlyCount "43"]
[WhiteFideId "12921980"]
[BlackFideId "16212371"]
[EventCountry "GER"]
[EventRounds "7"]
[EventType "team-swiss"]
[EventDate "2018.12.26"]

1. d4 Nf6 2. Nf3 e6 3. e3 b6 4. Bd3 Bb7 5. Nbd2 Be7 6. O-O O-O 7. c3 c5 8. e4
d6 9. Qc2 h6 10. Re1 Qc7 11. dxc5 dxc5 12. e5 Nfd7 13. Be4 Nc6 14. Nc4 b5 15.
Ncd2 Rfd8 16. Nf1 a6 17. Bf4 Nb6 18. Rad1 Rxd1 19. Rxd1 Rd8 20. Ne3 Rxd1+ 21.
Qxd1 Qd8 22. Qxd8+  1/2-1/2

[Event "DVM U20w 2018"]
[Site "Osnabrück GER"]
[Date "2018.12.27"]
[Round "2"]
[White "Schumann, Rabea"]
[Black "Simon, Tessa"]
[Result "1/2-1/2"]
[Termination "normal"]
[Board "5.1"]
[WhiteElo "1922"]
[BlackElo "1929"]
[WhiteTeam "SG Güstrow/Teterow"]
[BlackTeam "Muldental Wilkau-Haßlau"]
[PlyCount "44"]
[WhiteFideId "12918199"]
[BlackFideId "12929395"]
[EventCountry "GER"]
[EventRounds "7"]
[EventType "team-swiss"]
[EventDate "2018.12.26"]

{ [%evp 0,47,17,-23,-22,-27,-27,-23,-16,-11,-5,3,11,4,18,11,38,16,25,31,30,29,
27,36,18,24,35,29,36,36,37,42,28,42,45,32,30,27,33,32,38,34,105,48,50,35,56,43,
43,36] normal } 1. c4 e5 2. g3 Nc6 3. Bg2 Bc5 4. Nc3 a6 5. e3 d6 6. Nge2 Ba7 7.
d4 exd4 8. exd4 Nge7 9. O-O O-O 10. Be3 Nf5 11. Qd2 Bd7 12. Rad1 Qc8 13. Nd5
Nce7 14. Nxe7+ Nxe7 15. d5 Bxe3 16. Qxe3 Ng6 17. f4 Re8 18. Qd2 Bg4 19. Rde1
Ne7 20. Nd4 Bh3 21. Rf2 Bxg2 22. Kxg2 Nf5  1/2-1/2

[Event "DVM U20w 2018"]
[Site "Osnabrück GER"]
[Date "2018.12.27"]
[Round "2"]
[White "Zoll, Cindy"]
[Black "Von Jan, Lena"]
[Result "0-1"]
[Termination "normal"]
[Board "5.3"]
[WhiteElo "1342"]
[BlackElo "1520"]
[WhiteTeam "SG Güstrow/Teterow"]
[BlackTeam "Muldental Wilkau-Haßlau"]
[PlyCount "98"]
[WhiteFideId "12964638"]
[BlackFideId "12946060"]
[EventCountry "GER"]
[EventRounds "7"]
[EventType "team-swiss"]
[EventDate "2018.12.26"]

{ unterminated } 1. f4 d6 2. e3 Nf6 3. Nf3 g6 4. d4 Bg7 5. Bd3 O-O 6. O-O c5 7.
c3 Nc6 8. Nbd2 cxd4 9. exd4 e5 10. fxe5 dxe5 11. Nxe5 Nxe5 12. dxe5 Ng4 13. Nf3
Qb6+ 14. Kh1 Nf2+ 15. Rxf2 Qxf2 16. Bd2 Rd8 17. Qc2 Qc5 18. Bf4 Re8 19. Qa4 Bg4
20. Bb5 Rf8 21. Re1 a6 22. Bd3 Rfe8 23. Be3 Qc8 24. Bd4 Qc7 25. h3 Bxf3 26.
gxf3 b5 27. Qd1 Bxe5 28. Bxe5 Rxe5 29. Rxe5 Qxe5 30. Be4 Rf8 31. Qg1 Qe6 32.
Kh2 Qxa2 33. Qg2 Rb8 34. f4 Qe6 35. f5 Qe5+ 36. Kh1 Rd8 37. Bc2 Qe1+ 38. Qg1
Qxg1+ 39. Kxg1 Rd2 40. Be4 Rxb2 41. fxg6 hxg6 42. Kf1 Rb3 43. Bb7 Rxc3 44. Bxa6
b4 45. Ke1 b3 46. Kd1 b2 47. Kd2 Ra3 48. Bd3 Rxd3+ 49. Kxd3 b1=Q+  0-1

[Event "DVM U20w 2018"]
[Site "Osnabrück GER"]
[Date "2018.12.27"]
[Round "2"]
[White "Wagner, Julia"]
[Black "Gesell, Myriam"]
[Result "1-0"]
[Termination "normal"]
[Board "5.4"]
[WhiteElo "1276"]
[BlackElo "769"]
[WhiteTeam "Muldental Wilkau-Haßlau"]
[BlackTeam "SG Güstrow/Teterow"]
[PlyCount "83"]
[WhiteFideId "16259351"]
[BlackFideId "16200330"]
[EventCountry "GER"]
[EventRounds "7"]
[EventType "team-swiss"]
[EventDate "2018.12.26"]

{ unterminated } 1. e4 e5 2. Nf3 Nc6 3. Bc4 Bc5 4. d3 Nf6 5. Bg5 h6 6. Be3 Bxe3
7. fxe3 d6 8. h3 O-O 9. Nc3 a6 10. O-O Nh5 11. Bb3 Na5 12. Nxe5 Nf6 13. Nf3
Nxb3 14. axb3 Qe7 15. Qe2 Rd8 16. Nd5 Nxd5 17. exd5 Bd7 18. e4 c6 19. dxc6 bxc6
20. Rfe1 Re8 21. e5 d5 22. d4 Qd8 23. Rxa6 Qc8 24. Rea1 Qb7 25. Rxa8 Rxa8 26.
Rxa8+ Qxa8 27. Qd1 Bc8 28. c4 Bf5 29. Qc1 Qa2 30. Qc3 Bd7 31. Nd2 Qa7 32. b4
Qa6 33. b5 Qb7 34. bxc6 Bxc6 35. Qb3 Qa7 36. Nf3 Qa8 37. Kh2 g6 38. c5 Kg7 39.
Qb6 Qc8 40. b4 Ba8 41. Qf6+ Kf8 42. Qh8+  1-0

[Event "DVM U20w 2018"]
[Site "Osnabrück GER"]
[Date "2018.12.27"]
[Round "2"]
[White "La, Quynh Trang"]
[Black "Schiewe, Nadin"]
[Result "0-1"]
[Termination "normal"]
[Board "6.1"]
[WhiteElo "1583"]
[BlackElo "1527"]
[WhiteTeam "SG Trier"]
[BlackTeam "Leegebrucher SF"]
[PlyCount "122"]
[WhiteFideId "16275276"]
[BlackFideId "16209079"]
[EventCountry "GER"]
[EventRounds "7"]
[EventType "team-swiss"]
[EventDate "2018.12.26"]

{ unterminated } 1. d4 d5 2. c4 e6 3. Nc3 c6 4. Nf3 f5 5. e3 Nf6 6. g3 Bd6 7.
cxd5 exd5 8. Bg2 O-O 9. O-O Be6 10. b3 Nbd7 11. a4 Ne4 12. Nxe4 fxe4 13. Nd2
Rf6 14. f3 exf3 15. Nxf3 Bg4 16. Qc2 Qe7 17. Bd2 Raf8 18. Ne1 Rxf1+ 19. Bxf1
Qf7 20. Nd3 Qg6 21. Rc1 Bf5 22. Bc3 Bxg3 23. hxg3 Qxg3+ 24. Kh1 Bxd3 25. Bxd3
Rf2 26. Qxf2 Qxf2 27. Rf1 Qxe3 28. Bf5 Qxc3 29. Bxd7 g6 30. Be6+ Kg7 31. Rf7+
Kh6 32. Rxb7 Qxd4 33. Bg8 Qh8 34. Be6 Qd4 35. Bg8 Qg7 36. Rxg7 Kxg7 37. Be6 Kf6
38. Bd7 c5 39. Kg1 Ke5 40. Kf2 Kd4 41. Be6 Ke4 42. Bg8 h6 43. Bh7 Kf5 44. Kf3
h5 45. a5 h4 46. a6 c4 47. bxc4 dxc4 48. Bg8 c3 49. Bc4 g5 50. Bd3+ Ke5 51. Kg4
Kd4 52. Bf5 Ke3 53. Kxg5 h3 54. Bxh3 c2 55. Bc8 c1=Q 56. Bb7 Qf1 57. Kg6 Qf4
58. Kg7 Kd4 59. Kg6 Ke5 60. Bc8 Qf6+ 61. Kh5 Qh8+  0-1

[Event "DVM U20w 2018"]
[Site "Osnabrück GER"]
[Date "2018.12.27"]
[Round "2"]
[White "Jacoby, Angelina"]
[Black "Arndt, Lena"]
[Result "1-0"]
[Termination "normal"]
[Board "6.2"]
[WhiteElo "1259"]
[BlackElo "1767"]
[WhiteTeam "Leegebrucher SF"]
[BlackTeam "SG Trier"]
[PlyCount "41"]
[WhiteFideId "12999008"]
[BlackFideId "16262476"]
[EventCountry "GER"]
[EventRounds "7"]
[EventType "team-swiss"]
[EventDate "2018.12.26"]

1. d4 d5 2. Nf3 Nf6 3. e3 c6 4. Bd3 Nbd7 5. Nbd2 e6 6. O-O Bd6 7. c3 O-O 8. e4
e5 9. Re1 dxe4 10. Nxe4 Nxe4 11. Bxe4 exd4 12. Nxd4 Nf6 13. Bc2 Bc5 14. Be3 Bb6
15. Qd3 h6 16. Rad1 Re8 17. Bb3 Bg4 18. f3 Bh5 19. g4 Bg6 20. Qxg6 Kf8 21.
Qxf7#  1-0

[Event "DVM U20w 2018"]
[Site "Osnabrück GER"]
[Date "2018.12.27"]
[Round "2"]
[White "Elenz, Elisa"]
[Black "Mylke, Sandy-Michelle"]
[Result "0-1"]
[Termination "normal"]
[Board "6.3"]
[WhiteElo "1490"]
[BlackElo "1188"]
[WhiteTeam "SG Trier"]
[BlackTeam "Leegebrucher SF"]
[PlyCount "108"]
[WhiteFideId "16262492"]
[BlackFideId "16235045"]
[EventCountry "GER"]
[EventRounds "7"]
[EventType "team-swiss"]
[EventDate "2018.12.26"]

1. e4 e5 2. Nf3 Nc6 3. Bb5 Bc5 4. O-O Nge7 5. Nxe5 Nd4 6. Ba4 O-O 7. d3 b6 8.
c3 Ndc6 9. d4 Bd6 10. Nxc6 Nxc6 11. e5 Be7 12. Qf3 Bb7 13. Qg4 g6 14. Nd2 d6
15. exd6 Bxd6 16. Ne4 f5 17. Bb3+ Kh8 18. Qf3 fxe4 19. Qxe4 Na5 20. Bd5 c6 21.
Be6 Qf6 22. Qg4 Be7 23. g3 c5 24. Bf4 Nc6 25. Rae1 cxd4 26. cxd4 Qg7 27. d5 Nd8
28. d6 h5 29. Qh3 Bf6 30. Bb3 Bc8 31. Qg2 g5 32. Be3 Bb7 33. Bd5 Rb8 34. Bxb7
Nxb7 35. Qd5 Rbd8 36. h4 Rxd6 37. Qf5 Be7 38. Qe4 Nd8 39. Rd1 Re6 40. Qg2 Nf7
41. Bd4 Bf6 42. Bxf6 Qxf6 43. hxg5 Qxg5 44. Rd5 Qg6 45. Qh2 Re5 46. Rd2 Rg5 47.
Qh4 Rg4 48. Qe7 Rg8 49. Qb7 Ne5 50. Re2 Nd3 51. Qe7 Rxg3+ 52. fxg3 Qxg3+ 53.
Kh1 Qh3+ 54. Rh2 Qxf1#  0-1

[Event "DVM U20w 2018"]
[Site "Osnabrück GER"]
[Date "2018.12.27"]
[Round "2"]
[White "Pietsch, Virginia-Atlanta"]
[Black "Schwalbach, Kathrin"]
[Result "1-0"]
[Termination "normal"]
[Board "6.4"]
[WhiteElo "1240"]
[BlackElo "1083"]
[WhiteTeam "Leegebrucher SF"]
[BlackTeam "SG Trier"]
[PlyCount "71"]
[WhiteFideId "16235053"]
[BlackFideId "16275284"]
[EventCountry "GER"]
[EventRounds "7"]
[EventType "team-swiss"]
[EventDate "2018.12.26"]

{ unterminated } 1. d4 d5 2. c4 dxc4 3. Bf4 Be6 4. e3 Nc6 5. Nd2 b5 6. a4 a6 7.
axb5 axb5 8. Rxa8 Qxa8 9. Bxc7 Qa2 10. Qc1 Nb4 11. Ngf3 f5 12. Be2 Nd3+ 13.
Bxd3 cxd3 14. O-O Bc4 15. Ne5 Bd5 16. Qa1 Qxa1 17. Rxa1 g6 18. Ra5 Bg7 19. Rxb5
Bxe5 20. Bxe5 Nf6 21. Rb8+ Kf7 22. Rxh8 Ne4 23. Rc8 Nxd2 24. Rc1 Nb3 25. Rd1 d2
26. f3 Bc4 27. Kf2 h5 28. e4 g5 29. d5 f4 30. Bc3 g4 31. Bxd2 Nxd2 32. Rxd2 e6
33. dxe6+ Kxe6 34. b4 h4 35. fxg4 Kf6 36. Kf3  1-0

[Event "DVM U20w 2018"]
[Site "Osnabrück GER"]
[Date "2018.12.28"]
[Round "3"]
[White "Miljkovic, Jovana"]
[Black "Li, Zhuoling"]
[Result "0-1"]
[Termination "normal"]
[Board "1.1"]
[WhiteTitle "WFM"]
[BlackTitle "WFM"]
[WhiteElo "1993"]
[BlackElo "2076"]
[WhiteClock "00:01:21"]
[BlackClock "00:01:58"]
[WhiteTeam "SV Lingen"]
[BlackTeam "SV Stuttgart-Wolfbusch"]
[PlyCount "82"]
[WhiteFideId "958336"]
[BlackFideId "8605629"]
[EventCountry "GER"]
[EventRounds "7"]
[EventType "team-swiss"]
[EventDate "2018.12.26"]

1. Nf3 {[%clk 1:30:59]} Nf6 {[%clk 1:30:51]} 2. c4 {[%clk 1:31:24]} g6 {[%clk
1:31:16]} 3. Nc3 {[%clk 1:31:51]} d5 {[%clk 1:31:42]} 4. cxd5 {[%clk 1:32:14]}
Nxd5 {[%clk 1:32:07]} 5. Qb3 {[%clk 1:32:40]} Nb6 {[%clk 1:32:14]} 6. d4 {[%clk
1:33:04]} Bg7 {[%clk 1:32:28]} 7. Bf4 {[%clk 1:31:16]} O-O {[%clk 1:31:39]} 8.
e3 {[%clk 1:29:51]} Be6 {[%clk 1:17:08]} 9. Qc2 {[%clk 1:27:09]} Nc6 {[%clk
1:16:45]} 10. Be2 {[%clk 1:22:35]} Nb4 {[%clk 1:13:36]} 11. Qd1 {[%clk
1:16:41]} c5 {[%clk 0:50:27]} 12. dxc5 Nc4 13. Qb1 {[%clk 0:51:54]} Na3 {[%clk
0:43:10]} 14. bxa3 {[%clk 0:50:29]} Bxc3+ {[%clk 0:43:35]} 15. Kf1 {[%clk
0:50:17]} Nc6 {[%clk 0:42:28]} 16. h4 {[%clk 0:42:19]} Qd5 {[%clk 0:25:53]} 17.
Ng5 {[%clk 0:33:45]} Bxa1 18. Nxe6 {[%clk 0:31:05]} Qxe6 {[%clk 0:14:58]} 19.
Qxa1 {[%clk 0:31:26]} Qf6 20. Qc1 {[%clk 0:22:40]} Rad8 {[%clk 0:13:43]} 21.
Bg5 {[%clk 0:21:58]} Qe5 {[%clk 0:12:41]} 22. Bf4 Qd5 {[%clk 0:11:03]} 23. Bh6
{[%clk 0:16:18]} Rfe8 24. Qa1 {[%clk 0:07:21]} Qe5 {[%clk 0:11:06]} 25. Qc1 Rd5
26. Bf4 {[%clk 0:01:21]} Rxc5 {[%clk 0:08:37]} 27. Qb1 {[%clk 0:01:36]} Qc3
{[%clk 0:08:12]} 28. e4 {[%clk 0:01:59]} Qc2 {[%clk 0:05:37]} 29. Qa1 e5 {[%clk
0:04:57]} 30. Be3 {[%clk 0:00:42]} Nd4 {[%clk 0:05:21]} 31. Bd1 {[%clk
0:00:50]} Qxe4 {[%clk 0:04:53]} 32. h5 {[%clk 0:01:09]} Rb5 {[%clk 0:04:36]}
33. hxg6 {[%clk 0:00:56]} hxg6 {[%clk 0:05:01]} 34. Bb3 {[%clk 0:01:01]} Nxb3
35. axb3 {[%clk 0:01:30]} Rxb3 {[%clk 0:05:34]} 36. Ke2 Rd8 {[%clk 0:02:13]}
37. Rh2 {[%clk 0:00:39]} Rbd3 38. Ke1 {[%clk 0:00:36]} Rxe3+ {[%clk 0:00:43]}
39. fxe3 {[%clk 0:01:05]} Qxe3+ {[%clk 0:01:04]} 40. Kf1 {[%clk 0:01:30]} Rd2
{[%clk 0:01:29]} 41. Qe1 {[%clk 0:01:21]} Qd3+ {[%clk 0:01:58]} 0-1